000 00477nam a2200157 a 4500
005 20260417150018.0
008 260220s2026##################000#0#eng##
020 _a9781840242520
_qhbk
082 0 4 _a330.71 COL
100 _aColander,David
245 1 0 _aThe Complexity Vision and the Teaching of Economics
_c\David Colander
260 _aUK:
_bEdward Elgar Publishing Ltd,
_c2000
300 _aXIII,307p.
_c;24cm.
650 _aEconomics-study and teaching
942 _cENGLISH
999 _c613124
_d613124